[Event "1st Gujarat GM Open 2018"]
[Site "Ahmedabad"]
[Date "2018.10.07"]
[Round "4"]
[White "Anusha N L V"]
[Black "Moksh Amit Doshi"]
[Result "1/2-1/2"]
[WhiteElo "1985"]
[BlackElo "2224"]
[Annotator "NA"]
[PlyCount "73"]
[EventDate "2018.10.05"]
[EventType "swiss"]
[EventCountry "IND"]
[SourceTitle "playchess.com"]
[Source "ChessBase"]
[SourceQuality "1"]
[TimeControl "5400+30"]

1. d4 {[%emt 0:00:00]} g6 {[%emt 0:00:27]} 2. Nf3 {[%emt 0:00:06]} Bg7 {[%emt 0:00:06]} 3. e4 {[%emt 0:01:02]} d6 {[%emt 0:00:09]} 4. Nc3 {[%emt 0:00:29]} Nf6 {[%emt 0:00:40]} 5. Be2 {[%emt 0:00:33]} O-O {[%emt 0:00:08]} 6. O-O {[%emt 0:00:04]} c6 {[%emt 0:00:51]} 7. a4 {[%emt 0:00:23]} Qc7 {[%emt 0:00:06]} 8. Bf4 {[%emt 0:04:45]} Nbd7 {[%emt 0:00:28]} 9. e5 {[%emt 0:03:42]} Nh5 {[%emt 0:03:55]} 10. Bg5 {[%emt 0:01:20]} dxe5 {[%emt 0:01:41]} 11. Bxe7 {[%emt 0:01:41]} Re8 {[%emt 0:00:12]} 12. d5 {[%emt 0:00:29]} Nf4 {[%emt 0:10:55]} 13. d6 {[%emt 0:02:38]} Nxe2+ {[%emt 0:00:32]} 14. Qxe2 {[%emt 0:00:11]} Qb6 {[%emt 0:00:48]} 15. Ng5 {[%emt 0:07:22]} Nf8 {[%emt 0:09:57]} 16. Rfd1 {[%emt 0:12:07]} h6 {[%emt 0:04:34]} 17. Nge4 {[%emt 0:03:08]} Nd7 {[%emt 0:01:13]} 18. h4 {[%emt 0:12:07]} Qa6 {[%emt 0:01:56]} 19. Qd2 {[%emt 0:02:20]} Qc4 {[%emt 0:11:14]} 20. a5 {[%emt 0:06:50]} f5 {[%emt 0:03:32]} 21. Ng3 {[%emt 0:00:59]} Qf7 {[%emt 0:04:31]} 22. f3 {[%emt 0:08:31]} Nc5 {[%emt 0:03:16]} 23. b4 {[%emt 0:05:46]} Ne6 {[%emt 0:00:40]} 24. Nge2 {[%emt 0:03:04]} Bd7 {[%emt 0:02:29]} 25. Rab1 {[%emt 0:00:39]} Kh7 {[%emt 0:08:29]} 26. Na4 {[%emt 0:01:00]} Bf8 {[%emt 0:02:11]} 27. Nc5 {[%emt 0:01:46]} Bxe7 {[%emt 0:05:25]} 28. Nxd7 {[%emt 0:01:24]} Bf6 {[%emt 0:00:24]} 29. Nxf6+ {[%emt 0:00:38]} Qxf6 {[%emt 0:00:03]} 30. d7 {[%emt 0:02:59]} Red8 {[%emt 0:04:06]} 31. Qd6 {[%emt 0:00:38]} Kg7 {[%emt 0:01:51]} 32. a6 {[%emt 0:01:03]} Rab8 {[%emt 0:04:30]} 33. b5 {[%emt 0:03:21]} cxb5 {[%emt 0:05:59]} 34. Rb2 b4 35. Rxb4 {[%emt 0:01:11]} Nd4 {[%emt 0:01:19]} 36. Rb5 Qe6 37. Qxe6 {[%emt 0:02:17] Kf6 [%clk 0:09:17]} 1/2-1/2

[Event "1st Gujarat GM Open 2018"]
[Site "Ahmedabad"]
[Date "2018.10.07"]
[Round "4"]
[White "Prajesh R"]
[Black "Surendran N"]
[Result "0-1"]
[WhiteElo "1953"]
[BlackElo "2210"]
[Annotator "NA"]
[PlyCount "76"]
[EventDate "2018.10.05"]
[EventType "swiss"]
[EventCountry "IND"]
[SourceTitle "playchess.com"]
[Source "ChessBase"]
[SourceQuality "1"]
[TimeControl "5400+30"]

1. d4 {[%emt 0:00:00]} Nf6 {[%emt 0:00:00]} 2. c4 {[%emt 0:00:04]} e6 {[%emt 0:00:00]} 3. Nc3 {[%emt 0:01:00]} Bb4 {[%emt 0:00:09]} 4. Nf3 {[%emt 0:00:04]} d5 {[%emt 0:00:04]} 5. Qa4+ {[%emt 0:00:44]} Nc6 {[%emt 0:00:07]} 6. e3 {[%emt 0:00:03]} O-O {[%emt 0:00:39]} 7. Qc2 {[%emt 0:00:38]} Qe7 {[%emt 0:05:33]} 8. Bd2 {[%emt 0:01:50]} dxc4 {[%emt 0:02:08]} 9. Bxc4 {[%emt 0:00:20]} a6 {[%emt 0:05:08]} 10. a3 {[%emt 0:09:27]} Bd6 {[%emt 0:00:24]} 11. h3 {[%emt 0:01:29]} e5 {[%emt 0:06:36]} 12. d5 {[%emt 0:05:36]} Nb8 {[%emt 0:03:28]} 13. e4 {[%emt 0:08:30]} Nbd7 {[%emt 0:04:19]} 14. O-O {[%emt 0:14:23]} Re8 {[%emt 0:03:25]} 15. b4 {[%emt 0:12:12]} Nf8 {[%emt 0:02:41]} 16. Rfc1 {[%emt 0:10:55]} Ng6 {[%emt 0:04:13]} 17. Bf1 {[%emt 0:00:02]} h6 {[%emt 0:01:34]} 18. Be3 {[%emt 0:01:35]} Nh5 {[%emt 0:03:41]} 19. Na4 {[%emt 0:03:11]} Qf6 {[%emt 0:07:34]} 20. Qd1 {[%emt 0:10:30]} Ngf4 {[%emt 0:26:32]} 21. g4 {[%emt 0:04:39]} Qg6 {[%emt 0:00:05]} 22. Nh4 {[%emt 0:00:07]} Qg5 {[%emt 0:00:07]} 23. Nf3 {[%emt 0:00:25]} Qg6 {[%emt 0:00:02]} 24. Nh4 {[%emt 0:00:02]} Qg5 {[%emt 0:00:06]} 25. Nf3 {[%emt 0:05:23]} Bxg4 {[%emt 0:05:21]} 26. hxg4 {[%emt 0:00:16]} Qxg4+ {[%emt 0:00:02]} 27. Kh1 {[%emt 0:01:12]} Nf6 {[%emt 0:00:32]} 28. Nh2 {[%emt 0:01:49]} Qg6 {[%emt 0:00:22]} 29. f3 {[%emt 0:02:32]} N6h5 {[%emt 0:02:13]} 30. Bxf4 {[%emt 0:00:03]} exf4 {[%emt 0:00:30]} 31. Bg2 {[%emt 0:00:23]} f5 {[%emt 0:01:37]} 32. Nc5 {[%emt 0:01:12]} Be5 {[%emt 0:12:55]} 33. Ra2 {[%emt 0:01:15]} Qf6 {[%emt 0:00:07]} 34. Nf1 {[%emt 0:02:33]} Bd4 {[%emt 0:01:10]} 35. Bh3 {[%emt 0:00:01]} Bxc5 {[%emt 0:03:31]} 36. Rxc5 {[%emt 0:02:59]} Qh4 {[%emt 0:00:04]} 37. Rh2 {[%emt 0:00:02]} Ng3+ {[%emt 0:00:04]} 38. Nxg3 {[%emt 0:01:02]} fxg3 {[%emt 0:00:02]} 0-1

[Event "1st Gujarat GM Open 2018"]
[Site "Ahmedabad"]
[Date "2018.10.07"]
[Round "4"]
[White "Tanishka Kotia"]
[Black "Franco Valencia, Angela"]
[Result "1-0"]
[WhiteElo "1892"]
[BlackElo "2188"]
[Annotator "NA"]
[PlyCount "86"]
[EventDate "2018.10.05"]
[EventType "swiss"]
[EventCountry "IND"]
[SourceTitle "playchess.com"]
[Source "ChessBase"]
[SourceQuality "1"]
[TimeControl "5400+30"]

1. e4 {[%emt 0:00:00]} e5 {[%emt 0:01:35]} 2. Nf3 {[%emt 0:00:00]} Nc6 {[%emt 0:00:05]} 3. d4 {[%emt 0:00:00]} exd4 {[%emt 0:00:08]} 4. Nxd4 {[%emt 0:00:00]} Nf6 {[%emt 0:00:51]} 5. Nxc6 {[%emt 0:00:00]} bxc6 {[%emt 0:00:03]} 6. e5 {[%emt 0:00:06]} Qe7 {[%emt 0:00:20]} 7. Qe2 {[%emt 0:00:09]} Nd5 {[%emt 0:00:05]} 8. c4 {[%emt 0:00:13]} Ba6 {[%emt 0:00:25]} 9. Nd2 {[%emt 0:00:13]} g6 {[%emt 0:04:00]} 10. Nf3 {[%emt 0:00:42]} Bg7 {[%emt 0:00:23]} 11. Bg5 {[%emt 0:00:55]} f6 {[%emt 0:19:56]} 12. exf6 {[%emt 0:03:04]} Qxe2+ {[%emt 0:03:20]} 13. Bxe2 {[%emt 0:00:02]} Nxf6 {[%emt 0:00:05]} 14. O-O-O {[%emt 0:11:20]} Ne4 {[%emt 0:07:49]} 15. Be3 {[%emt 0:00:37]} Rb8 {[%emt 0:11:01]} 16. Nd4 {[%emt 0:08:53]} O-O {[%emt 0:03:40]} 17. Bf3 {[%emt 0:07:00]} Rfe8 {[%emt 0:03:33]} 18. Bxe4 {[%emt 0:02:58]} Rxe4 {[%emt 0:00:07]} 19. b3 {[%emt 0:00:31]} Bb7 {[%emt 0:04:18]} 20. Rhe1 {[%emt 0:06:16]} d5 {[%emt 0:06:25]} 21. c5 {[%emt 0:16:43]} a5 {[%emt 0:01:25]} 22. f3 {[%emt 0:03:17]} Ree8 {[%emt 0:02:57]} 23. Bf2 {[%emt 0:02:46]} Kf7 {[%emt 0:01:42]} 24. Bg3 {[%emt 0:03:00]} a4 {[%emt 0:07:44]} 25. b4 {[%emt 0:03:53]} a3 26. Rd3 {[%emt 0:07:12]} Bxd4 {[%emt 0:11:22]} 27. Rxd4 {[%emt 0:00:09]} Rxe1+ {[%emt 0:01:48]} 28. Bxe1 {[%emt 0:00:01]} Ba6 {[%emt 0:00:06]} 29. Bg3 {[%emt 0:06:51]} Bc4 {[%emt 0:01:05]} 30. Be1 {[%emt 0:04:45]} Bxa2 {[%emt 0:00:57]} 31. Rd3 {[%emt 0:02:40]} Ra8 {[%emt 0:00:05]} 32. Bc3 {[%emt 0:01:28]} Bc4 {[%emt 0:00:08]} 33. Re3 {[%emt 0:00:18]} a2 {[%emt 0:00:15]} 34. Ba1 {[%emt 0:00:18]} Rb8 {[%emt 0:00:15]} 35. Ra3 {[%emt 0:01:41]} Rxb4 {[%emt 0:00:09]} 36. Be5 {[%emt 0:00:17]} Rb1+ {[%emt 0:00:51]} 37. Kc2 {[%emt 0:00:25]} Re1 {[%emt 0:00:43]} 38. f4 {[%emt 0:00:47]} Re2+ {[%emt 0:00:15]} 39. Kc1 {[%emt 0:00:34]} Rxg2 {[%emt 0:00:16]} 40. h3 {[%emt 0:00:20]} Ke6 {[%emt 0:00:57]} 41. Ra7 {[%emt 0:01:06]} Kf5 {[%emt 0:00:09]} 42. Ba1 {[%emt 0:02:03]} Rg1+ {[%emt 0:00:15]} 43. Kb2 {[%emt 0:00:10]} Rb1+ {[%emt 0:00:07]} 1-0

[Event "1st Gujarat GM Open 2018"]
[Site "Ahmedabad"]
[Date "2018.10.07"]
[Round "4"]
[White "Patel Suyogkumar M"]
[Black "Kiran, Manisha Mohanty"]
[Result "0-1"]
[WhiteElo "1424"]
[BlackElo "2147"]
[Annotator "NA"]
[PlyCount "40"]
[EventDate "2018.10.05"]
[EventType "swiss"]
[EventCountry "IND"]
[SourceTitle "playchess.com"]
[Source "ChessBase"]
[SourceQuality "1"]
[TimeControl "5400+30"]

1. e4 {[%emt 0:06:33]} c5 {[%emt 0:00:00]} 2. Nc3 {[%emt 0:01:03]} d6 {[%emt 0:00:00]} 3. g3 {[%emt 0:00:08]} g6 {[%emt 0:00:00]} 4. Bg2 {[%emt 0:00:12]} Bg7 {[%emt 0:00:01]} 5. d3 {[%emt 0:00:05]} Nc6 {[%emt 0:00:07]} 6. Be3 {[%emt 0:02:05]} e6 {[%emt 0:00:06]} 7. Qd2 {[%emt 0:00:44]} Rb8 {[%emt 0:00:14]} 8. f4 {[%emt 0:01:05]} Nge7 {[%emt 0:00:08]} 9. Nf3 {[%emt 0:02:36]} O-O {[%emt 0:00:45]} 10. O-O {[%emt 0:00:38]} b6 {[%emt 0:00:24]} 11. Rab1 d5 {[%emt 0:00:51]} 12. Ne2 {[%emt 0:11:49]} dxe4 {[%emt 0:06:58]} 13. dxe4 {[%emt 0:00:14]} Ba6 {[%emt 0:00:14]} 14. Rfd1 {[%emt 0:02:24]} Qxd2 {[%emt 0:01:53]} 15. Rxd2 {[%emt 0:00:12]} Rbd8 {[%emt 0:00:07]} 16. Kf2 {[%emt 0:02:53]} Nb4 {[%emt 0:06:10]} 17. c3 {[%emt 0:03:42]} Rxd2 {[%emt 0:00:51]} 18. Nxd2 {[%emt 0:00:40]} Nd3+ {[%emt 0:01:34]} 19. Kf3 {[%emt 0:05:05]} f5 {[%emt 0:00:35]} 20. e5 {[%emt 0:01:04]} Bb7+ {[%emt 0:00:12]} 0-1

[Event "1st Gujarat GM Open 2018"]
[Site "Ahmedabad"]
[Date "2018.10.10"]
[Round "8"]
[White "Amonatov, Farrukh"]
[Black "Wagh Suyog"]
[Result "1-0"]
[WhiteElo "2615"]
[BlackElo "2312"]
[Annotator "TA"]
[PlyCount "139"]
[EventDate "2018.10.05"]
[EventType "swiss"]
[EventCountry "IND"]
[SourceTitle "playchess.com"]
[Source "ChessBase"]
[SourceQuality "1"]

{[%evp 22,139,0,0,2,0,-1,-4,0,-23,17,0,0,0,0,3,33,23,29,22,23,20,57,35,68,37,59,0,0,0,3,0,0,0,0,0,0,0,13,16,22,16,30,0,0,0,0,0,9,0,53,0,9,0,7,0,0,0,0,0,66,65,66,68,69,60,71,64,71,71,71,0,64,65,63,58,67,65,104,70,69,45,140,139,136,39,36,34,447,428,378,300,450,419,663,655,614,597,597,508,1032,971,1822,1491,1468,1335,12842,12843,12844,12844,12845,12845,12845,12846,12846,12847,12847,12847,12848,606]} 1. e4 c5 2. Nf3 d6 3. d4 cxd4 4. Nxd4 Nf6 5. Nc3 a6 6. Bc4 e6 7. Bb3 Nbd7 8. Bg5 Nc5 9. O-O Be7 {B86: Sicilian Scheveningen/Najdorf: 6 Bc4, without early ...b5} 10. Re1 O-O 11. f4 h6 12. Bh4 {LiveBook: 18 Games} e5 13. fxe5 dxe5 14. Nf5 Bxf5 15. exf5 {[#]} Ncd7 $146 ({Predecessor:} 15... e4 16. Qe2 Qd4+ 17. Kh1 {½-½ (58) Rublevsky,S (2695)-Safarli,E (2660) Khanty-Mansiysk 2013}) 16. Qf3 Qc7 17. Rad1 Rad8 18. Kh1 Nb6 19. Rxd8 Rxd8 20. Bxf6 Bxf6 21. Ne4 Qe7 22. c3 Nd7 23. h3 b6 24. Qe2 (24. Rd1 $14) 24... Nc5 $11 25. Nxc5 Qxc5 26. Qxa6 Qf2 27. Rf1 Qxb2 28. Qxb6 Qxc3 29. Qb7 Kh8 30. Bxf7 Qd3 31. Qb1 e4 32. Bh5 Qg3 33. Qe1 Qe5 34. Qe3 Ra8 35. Qb3 Rb8 ({Better is} 35... Rf8 $11) 36. Qe3 (36. Qe6 $14) 36... Ra8 37. Bf7 Rf8 38. Bc4 Bg5 39. Qb6 Qg3 40. Qg6 Qc3 (40... Bf4 $11 41. Qxg3 Bxg3) 41. f6 $14 Bxf6 42. Qxe4 Rd8 43. Bb3 {Strongly threatening Bc2.} Rc8 44. Rd1 Qc5 45. Re1 Qc3 46. Rd1 Qc5 $1 47. Qe6 Qc3 48. Rf1 Rd8 49. Qf5 Rc8 50. Qg6 Qc6 51. Re1 {Hoping for Bc2!} Bc3 {[#]} (51... Bh4 $14 52. Qxc6 Rxc6) 52. Re6 $1 $16 {[%cal Re6c6]} Qb5 {[#] Threatens to win with ...Be5.} 53. Qf7 $40 {[%mdl 128] White is up to no good.} ({Much less strong is} 53. Bc2 Qf1+ 54. Kh2 Qf4+ 55. Qg3 Bd2 $16) (53. Qe4 $1 $16) 53... Be5 $14 {( -> ...Rc1+)} 54. Qf3 Qxb3 $4 {[%mdl 8192] [#]} (54... Rc1+ $14 55. Bd1 Bc7) 55. Re8+ $1 $18 {[%mdl 512]} Rxe8 56. axb3 {[%cal Ba2b3,Bb3b4][%mdl 4128] Endgame KQ-KRB} Bd4 (56... Bd6 $142 57. g4 Rf8) 57. g4 Rc8 (57... Re3 $142 58. Qf8+ Kh7 59. Qf5+ g6 60. Qf7+ Bg7) 58. Qe4 {White is clearly winning.} Bb6 59. b4 Rf8 60. Kg2 Rf6 (60... Rf2+ $142 61. Kg3 Rb2) 61. h4 {[%cal Bh3h4,Bh4g5,Bg5g6][%mdl 32]} Rf2+ 62. Kg3 Rf8 63. g5 hxg5 64. hxg5 Bc7+ 65. Kg4 Rb8 66. g6 Bd6 67. Qh1+ Kg8 68. Qd5+ Kh8 69. Qxd6 {[%cal Rd6b8]} Re8 70. Qh2+ {Precision: White = 59%, Black = 36%.} 1-0

[Event "1st Gujarat GM Open 2018"]
[Site "Ahmedabad"]
[Date "2018.10.10"]
[Round "8"]
[White "Malakhatko, Vadim"]
[Black "Sivuk, Vitaly"]
[Result "1/2-1/2"]
[WhiteElo "2552"]
[BlackElo "2545"]
[Annotator "TA"]
[PlyCount "60"]
[EventDate "2018.10.05"]
[EventType "swiss"]
[EventCountry "IND"]
[SourceTitle "playchess.com"]
[Source "ChessBase"]
[SourceQuality "1"]

{[%evp 22,60,26,26,27,27,29,32,28,23,41,36,48,35,48,22,16,16,25,18,31,2,8,15,28,13,28,27,32,32,77,46,70,62,75,66,116,115,103,102,91]} 1. d4 Nf6 2. c4 g6 3. Nc3 Bg7 4. e4 O-O 5. Nf3 {[%cal Bg1f3,Bf3e1,Be1d3,Bd3f2][%mdl 32]} d6 6. Be2 e5 7. O-O Nc6 8. d5 Ne7 9. a4 a5 10. Ne1 Nd7 11. Nd3 f5 12. f3 b6 {E97: King's Indian: Classical Main Line (6...e5 7 0-0 Nc6): 8 Be3 and 8 d5 Ne7, not 9 Ne1} (12... f4 13. b3 g5 14. Ba3 b6 15. Nb5 Ng6 16. b4 axb4 17. Bxb4 Nc5 18. Nf2 Nb7 19. a5 bxa5 20. Qe1 {0-1 (39) Nisipeanu,L (2667)-Adhiban,B (2643) Linares 2015 EXT 2016 [Kuzmin,Alexey]}) 13. Nb5 Kh8 14. Ra3 Nf6 {White is slightly better.} 15. Nf2 Bd7 $146 ({Predecessor:} 15... f4 16. Bd2 g5 17. b4 axb4 18. Bxb4 h5 19. h3 {1-0 (48) Kopylov,O (2006)-Vorobiev,N (2031) Irkutsk 2010}) 16. Bd2 {[%cal Bc1d2,Bd2e1,Be1b4][%mdl 32]} Neg8 17. b4 Bh6 18. Be1 axb4 19. Bxb4 Bxb5 20. cxb5 Nd7 21. Qa1 Ngf6 22. Bd1 Qe7 23. Bc2 Nh5 24. g3 {[%cal Bg2g3,Bg3g4][%mdl 32]} Rf7 25. Qc3 Nc5 26. Re1 f4 27. g4 $1 {[#] Black must now prevent Bxc5.} Nf6 28. a5 {[%cal Ba4a5,Ba5a6][%mdl 32]} (28. Bxc5 $5 bxc5 29. a5 $16) 28... Nfd7 29. a6 Bg5 30. Kg2 Bh4 {Precision: White = 72%, Black = 39%.} 1/2-1/2

[Event "1st Gujarat GM Open 2018"]
[Site "Ahmedabad"]
[Date "2018.10.10"]
[Round "8"]
[White "Ter-Sahakyan, Samvel"]
[Black "Swati Ghate"]
[Result "1-0"]
[WhiteElo "2547"]
[BlackElo "2215"]
[Annotator "TA"]
[PlyCount "81"]
[EventDate "2018.10.05"]
[EventType "swiss"]
[EventCountry "IND"]
[SourceTitle "playchess.com"]
[Source "ChessBase"]
[SourceQuality "1"]

{[%evp 17,81,0,15,14,34,27,40,40,40,17,19,0,14,0,23,2,39,30,39,33,41,39,29,28,129,25,79,73,73,35,105,0,0,0,0,-1,0,0,0,0,0,0,0,-6,-43,-193,0,-258,0,0,0,0,0,0,0,-5,-33,-56,-54,-54,66,59,172,166,1154,781]} 1. d4 Nf6 2. c4 e6 3. Nc3 Bb4 4. Nf3 b6 5. e3 O-O 6. Bd3 d5 7. O-O Bb7 8. cxd5 exd5 9. Ne5 Nbd7 10. f4 {E52: Nimzo-Indian: Rubinstein: 4...0-0 5 Nf3 d5 6 Bd3 b6} Ne4 (10... c5 11. Ne2 c4 12. Bc2 Ne8 13. Rf3 Ndf6 14. Nc3 Bc8 15. Nc6 Qd6 16. Nxb4 Qxb4 17. h3 Bb7 18. Bd2 Qe7 {1-0 (89) Navara,D (2741)-Kryvoruchko,Y (2711) Linares 2018}) 11. Nxe4 dxe4 12. Bc4 {Threatens to win with Nxf7.White is slightly better.} Bd6 13. Qh5 {[%cal Rc4f7]} Qe7 14. Nxd7 Qxd7 15. Bd2 $146 ({Predecessor:} 15. f5 Rfd8 16. f6 g6 17. Qg5 Bf8 {0-1 (55) Olafsson,O-Magnusson,O Reykjavik 1972}) 15... Rfd8 16. f5 Bf8 17. Rf4 $36 {[%mdl 2048] White has the initiative.} Bd5 18. Bxd5 Qxd5 19. Rh4 {[%csl Gh4][%cal Rh5h7]} h6 20. Qg4 {And now Rxh6 would win.} c5 (20... Kh7 $11) 21. Bc3 ({Resist} 21. Qxe4 $6 Rac8 $14) ({White must play} 21. Rxh6 $1 $16 cxd4 22. Rh3) 21... b5 (21... cxd4 $11 22. Bxd4 Rd6) 22. Rxh6 $1 $16 b4 23. Bd2 cxd4 {[#]} (23... Rd6 $14 24. Rh4 Rf6) 24. Rh3 (24. Bxb4 $1 $16 {[%mdl 512]} dxe3 (24... Bxb4 25. f6) 25. Bxf8) 24... f6 $11 25. Rf1 Rac8 26. exd4 Rc2 27. Be3 Rxb2 28. Qg6 Qxa2 {aiming for ...Rb1.} 29. Qh7+ Kf7 30. Qg6+ Ke7 31. Rh4 (31. Qg4 $1 $15) 31... Qd5 $2 ({Black should play} 31... Rb1 $19 {...Rxf1+ is the strong threat.} 32. Rxe4+ Kd7) 32. g4 $2 {[%mdl 8192] [#]} (32. Rc1 $1 $11) 32... Qf7 $2 ({Black should try} 32... Qb3 $1 $19 {[%cal Rb3e3]} 33. Bc1 Rc2) 33. g5 Qxg6 34. fxg6 Re2 35. gxf6+ gxf6 36. Rh7+ Ke6 37. Bf2 Be7 {Strongly threatening ...b3.} 38. Bh4 {Black must now prevent Rxe7+!} Rg8 {[#]} (38... Re8 $1 $15 39. Rf7 b3 40. Bxf6 Bxf6 41. R1xf6+ Kd5) 39. d5+ $1 $14 {[%cal Bd4d5,Bd5d6][%mdl 1568] White has compensation.} Kd6 (39... Kxd5 $14 40. Rxe7 Rxg6+ 41. Bg3 Ra2) 40. Bg3+ $18 Kd7 $2 (40... Kxd5 41. Rxe7 Rxg6) 41. d6 {Precision: White = 47%, Black = 35%.} 1-0

[Event "1st Gujarat GM Open 2018"]
[Site "Ahmedabad"]
[Date "2018.10.10"]
[Round "8"]
[White "Karthik Venkataraman"]
[Black "Bernadskiy, Vitaliy"]
[Result "1/2-1/2"]
[WhiteElo "2525"]
[BlackElo "2547"]
[Annotator "TA"]
[PlyCount "105"]
[EventDate "2018.10.05"]
[EventType "swiss"]
[EventCountry "IND"]
[SourceTitle "playchess.com"]
[Source "ChessBase"]
[SourceQuality "1"]

{[%evp 13,105,26,23,17,31,22,42,42,41,25,43,20,55,61,58,37,58,58,61,60,61,62,56,28,26,22,38,39,45,45,45,45,38,40,46,35,39,39,46,42,52,25,25,25,28,17,17,0,0,0,0,0,0,0,0,0,17,0,17,24,34,0,0,0,0,0,0,0,0,0,0,0,0,0,0,0,0,0,0,0,0,0,0,0,0,0,0,0,0,0,0,0,0,0]} 1. b3 Nf6 2. Bb2 g6 3. g3 Bg7 4. Bg2 O-O 5. Nf3 d6 6. d4 c5 7. c4 Qa5+ 8. Bc3 {E60: King's Indian: Unusual lines and Fianchetto Variation without Nc3} Qc7 9. O-O (9. Nbd2 Re8 10. O-O e5 11. d5 e4 12. Ng5 Bf5 13. Bxf6 Bxf6 14. Ngxe4 Bxa1 15. Qxa1 Bxe4 16. Nxe4 {1-0 (40) Carlsen,M (2837)-Ding,L (2774) Saint Louis 2017}) 9... Ne4 10. Bb2 {White is slightly better.} Nc6 11. e3 Bg4 $146 ({Predecessor:} 11... f5 12. Nbd2 Nxd2 13. Qxd2 cxd4 14. Nxd4 Nxd4 15. Bxd4 Bd7 {1-0 (73) Hamdouchi,A (2235)-Ionica,I (2196) Bucharest 2000}) 12. Qc2 Bxf3 13. Bxf3 Ng5 14. Bxc6 $1 Qxc6 {[%cal Rg5h3] [#]} 15. d5 Qd7 16. f3 {aiming for Bxg7.} h5 17. Bxg7 Kxg7 18. Qb2+ f6 19. Nc3 Qh3 20. Qg2 Qxg2+ 21. Kxg2 Nf7 22. f4 a6 23. a4 Rab8 24. Rfb1 Rfc8 25. Kf3 Nh6 26. h3 {[%cal Bh2h3,Bh3g4][%mdl 32]} Nf5 27. g4 hxg4+ 28. hxg4 Nh6 $1 29. Ra2 Nf7 30. Rab2 Rh8 31. Kg3 Rh7 32. Rh2 Rxh2 33. Kxh2 $11 {[%mdl 4096] Endgame KRN-KRN} a5 34. Kg3 Rc8 35. Re1 Kg8 36. Ne2 Kg7 37. Ng1 Rh8 {The position is equal.} 38. Nf3 g5 39. Rf1 Kg6 40. Kg2 Rh7 41. Kg3 Rh8 42. Ne1 Kg7 43. Nd3 Rh7 44. Nf2 Kg6 45. Re1 Rh8 46. Kf3 Rh4 47. Kg3 Rh8 48. Rg1 Rh7 49. Kf3 Rh4 50. Rg3 Rh8 51. Rg1 Rh4 52. Rg3 Rh8 53. Rg1 {Precision: White = 62%, Black = 74%.} 1/2-1/2

[Event "1st Gujarat GM Open 2018"]
[Site "Ahmedabad"]
[Date "2018.10.10"]
[Round "8"]
[White "Lalith Babu M R"]
[Black "Bharath Subramaniyam H"]
[Result "1-0"]
[WhiteElo "2518"]
[BlackElo "2276"]
[Annotator "TA"]
[PlyCount "96"]
[EventDate "2018.10.05"]
[EventType "swiss"]
[EventCountry "IND"]
[SourceTitle "playchess.com"]
[Source "ChessBase"]
[SourceQuality "1"]

{[%evp 21,96,0,20,0,18,5,10,14,15,1,10,8,24,-18,-16,-21,-30,-56,-41,-61,-57,-47,-37,-40,12,10,44,29,66,78,67,60,65,12,72,17,150,137,140,56,74,71,91,85,130,137,122,131,203,199,188,191,197,181,160,170,215,216,264,260,259,262,257,246,258,252,289,278,279,279,288,291,287,286,287,290,290]} 1. c4 e5 2. Nc3 Nf6 3. g3 d5 4. cxd5 Nxd5 5. Bg2 Nb6 6. Nf3 Nc6 7. O-O Be7 8. a3 a5 9. d3 O-O 10. Be3 Be6 11. Rc1 f5 {LiveBook: 25 Games} 12. Nd2 {A29: English Opening: Four Knights Variation with 4 g3} (12. Na4 Nd7 13. Nd2 Nf6 14. Nc5 Bxc5 15. Bxc5 Re8 16. Nc4 Bd5 17. f3 f4 18. Nd2 b6 19. Bf2 Nd4 {0-1 (32) Krush,I (2465)-Kosteniuk,A (2553) Chess Supersite INT 2016}) 12... Rb8 $146 ({Predecessor:} 12... f4 13. Bxb6 cxb6 14. Nc4 Bc5 15. Ne4 Bd4 16. Qd2 b5 17. Ncd6 Qb6 18. gxf4 exf4 19. Ng5 Bb3 20. Nxb7 {½-½ (66) Wisnet,D (2274)-Ennsberger,U (2252) Austria 2017}) 13. Nb3 f4 14. Bc5 {The position is equal.} a4 15. Bxe7 Qxe7 16. Nd2 Nd4 17. Nce4 Bg4 18. Re1 Rbd8 19. Nc5 c6 20. Nf3 fxg3 21. hxg3 Qf7 22. Rf1 Nxf3+ (22... Bxf3 $15 23. Bxf3 Nxf3+ 24. exf3 Rd6) 23. exf3 $11 Bh5 24. Re1 Rd5 25. Re3 Nd7 26. Ne4 Rd4 27. Qe1 ({White should play} 27. Qe2 $14) 27... Qb3 (27... h6 $11 {keeps the balance.}) 28. Qc3 (28. Bh3 $16) 28... Qxc3 (28... Qb6 $11 {remains equal.}) 29. bxc3 $16 Rd5 30. c4 (30. Bh3 $1 $16) 30... Rd4 $14 31. Rb1 Rb8 32. Bh3 Bg6 33. Bxd7 $1 Rxd7 34. Nc5 $36 {[%mdl 2048] White has strong initiative.} Rd4 {[#]} (34... Rf7 $16 {keeps fighting.} 35. Kg2 (35. Rxe5 Rxf3 36. Re3 Rxe3 $14) 35... Re7) 35. Rb6 $1 $18 (35. Rxe5 $6 Rxc4 36. Nd7 (36. dxc4 Bxb1 37. Nxa4 Ra8 $14) 36... Rd8 $16) 35... h5 {[#]} 36. Kf1 $1 (36. Rxe5 $6 Bxd3 37. Re7 Rdd8 $16) (36. Nxb7 Rxd3 37. c5 Rd5 $14) 36... Kf7 37. Ke2 Kf6 38. Nxb7 Be8 39. c5 Rd5 40. Nd6 Rd8 41. f4 exf4 42. Re4 ({Much less strong is} 42. Rxe8 $6 R5xd6 43. Rxd8 (43. cxd6 Rxe8+ 44. Kf3 fxg3 $11) 43... Rxd8 $16) (42. gxf4 $6 Bd7 $16) 42... f3+ 43. Kxf3 {White has a decisive advantage.} Bd7 44. Rf4+ ({Less strong is} 44. Rxa4 Rxd3+ 45. Ke2 Rd5 $16) 44... Ke6 45. d4 ({Don't take} 45. Rxa4 $6 Rxc5 46. Ne4 Rd5 $16) 45... g5 46. Re4+ Kf6 47. Ke3 Rh8 48. Rb7 Rh7 {Precision: White = 51%, Black = 43%.} 1-0